| 000 | 00494nam a2200157Ia 4500 | ||
|---|---|---|---|
| 008 | 230312s9999||||xx |||||||||||||| ||und|| | ||
| 020 | _a8130909375 | ||
| 082 |
_a621.4021 _bZUH-L |
||
| 100 | _aZhu, Yong | ||
| 245 | 0 | _aLarge Scale inhomogenous thermodynamics and application for atmospheric energetics | |
| 260 |
_bViva book _aNew Delhi _c2008 |
||
| 300 | _a634 | ||
| 546 | _aEng. | ||
| 650 |
_aEngineering _vMolecular transport process, Trubulent entropy and universal principle, |
||
| 942 | _cBK | ||
| 999 |
_c1184 _d1184 |
||